The poetry reader : (Record no. 1428973)

MARC details
000 -LEADER
fixed length control field 02065cam a22004218i 4500
001 - CONTROL NUMBER
control field 23723099
005 - DATE AND TIME OF LATEST TRANSACTION
control field 20250521160619.0
008 - FIXED-LENGTH DATA ELEMENTS--GENERAL INFORMATION
fixed length control field 240607s2025 nyu b 001 0 eng
010 ## - LIBRARY OF CONGRESS CONTROL NUMBER
LC control number 2024024660
020 ## - INTERNATIONAL STANDARD BOOK NUMBER
International Standard Book Number 9798765104101
020 ## - INTERNATIONAL STANDARD BOOK NUMBER
International Standard Book Number 9798765104095
037 ## - SOURCE OF ACQUISITION
Terms of availability TB
040 ## - CATALOGING SOURCE
Original cataloging agency CRL
Language of cataloging eng
Description conventions rda
Transcribing agency CRL
041 ## - LANGUAGE CODE
Source of code eng
Language code of text/sound track or separate title eng
042 ## - AUTHENTICATION CODE
Authentication code pcc
050 00 - LIBRARY OF CONGRESS CALL NUMBER
Classification number PN6101
Item number .P5447 2025
084 ## - COLON CLASSIFICATION NUMBER
Classification number O111,1x R5
Assigning agency CRL
245 04 - TITLE STATEMENT
Title The poetry reader :
Remainder of title an anthology
260 ## - PUBLICATION, DISTRIBUTION, ETC.
Place of publication, distribution, etc. New York, USA:
Name of publisher, distributor, etc. Bloomsbury Academic,
Date of publication, distribution, etc. 2025.
263 ## - PROJECTED PUBLICATION DATE
Projected publication date 1111
264 #1 - PRODUCTION, PUBLICATION, DISTRIBUTION, MANUFACTURE, AND COPYRIGHT NOTICE
Date of production, publication, distribution, manufacture, or copyright notice 2025.
300 ## - PHYSICAL DESCRIPTION
Extent xii, 222p. cm
336 ## - CONTENT TYPE
Content type term text
Content type code txt
Source rdacontent
337 ## - MEDIA TYPE
Media type term unmediated
Media type code n
Source rdamedia
338 ## - CARRIER TYPE
Carrier type term volume
Carrier type code nc
Source rdacarrier
365 ## - TRADE PRICE
Price amount 17.99
Currency code UKP
504 ## - BIBLIOGRAPHY, ETC. NOTE
Bibliography, etc. note Includes bibliographical references and index.
520 ## - SUMMARY, ETC.
Summary, etc. "This companionable anthology shows how poetry is a discussion, alive and flowing, and how poems speak to, with, and sometimes over one another. If you are a teacher, this is the anthology you wish you had as a student - a text that doesn't try to survey entire time periods or aesthetic areas, but one that places side-by-side poems that speak to each other over time as well as to today's readers. Header notes for each section provide critical commentary and guidance, with discussion and writing suggestions, framing the poems within their given topic and enticing readers"--
Assigning source Provided by publisher.
650 #0 - SUBJECT ADDED ENTRY--TOPICAL TERM
Topical term or geographic name entry element Poetry
Form subdivision Collections.
9 (RLIN) 809256
650 #0 - SUBJECT ADDED ENTRY--TOPICAL TERM
Topical term or geographic name entry element English Literature
9 (RLIN) 784584
655 #7 - INDEX TERM--GENRE/FORM
Genre/form data or focus term Poetry.
Source of term lcgft
9 (RLIN) 809257
700 1# - ADDED ENTRY--PERSONAL NAME
Personal name Yakich, Mark,
Relator term editor.
9 (RLIN) 809258
776 08 - ADDITIONAL PHYSICAL FORM ENTRY
Relationship information Online version:
Title Poetry reader.
Place, publisher, and date of publication New York : Bloomsbury Academic, 2025
International Standard Book Number 9798765104118
Record control number (DLC) 2024024661
906 ## - LOCAL DATA ELEMENT F, LDF (RLIN)
a 0
b vip
c orignew
d 1
e ecip
f 20
g y-gencatlg
942 ## - ADDED ENTRY ELEMENTS (KOHA)
Source of classification or shelving scheme Colon Classification (CC)
Koha item type Textbook
Classification part O111,1x R5
Suppress in OPAC No
Holdings
Withdrawn status Lost status Source of classification or shelving scheme Damaged status Not for loan Home library Current library Date acquired Source of acquisition Cost, normal purchase price Inventory number Total Checkouts Full call number Barcode Date last seen Price effective from Koha item type
    Colon Classification (CC)     Central Library Central Library 2025-05-21 Excel Book International 17.99 183 & 2025-03-07   O111,1x R5 CL1923635 2025-05-21 2025-05-21 Textbook
Copyright @ Delhi University Library System